| 000 | 00533nam a2200193 a 4500 | ||
|---|---|---|---|
| 005 | 20210219153002.0 | ||
| 008 | 991125n 000 0 spa u | ||
| 035 | _aUPN01000070876 | ||
| 222 | _aCOMUNICACION EDUCATIVA SEP | ||
| 245 | _aA debate público el nuevo modelo educativo | ||
| 260 | _aMéxico | ||
| 300 | _a2-12 | ||
| 362 | 0 | _a1990 Año 7, no. 83, sep. | |
| 653 | 0 | _aCONALTE | |
| 653 | 0 | _aEDUCACION BASICA | |
| 653 | 0 | _aPROGRAMA NACIONAL PARA LA MODERNIZACION EDUCATIVA | |
| 904 |
_aAC _b008687 |
||
| 905 | _aArticulo | ||
| 999 |
_c65533 _d65533 |
||